{"text_format":"3","workbook":"xlsx","n_sheets":1,"sheets":["五金类"],"not_rendered":{"defined_names":2},"read":"whole","date_system":"1900"}

{"sheet":"五金类","index":0,"n_rows":61,"n_cols":11,"rows_kept":61,"merged":[[0,0,1,10],[59,0,59,2],[59,3,59,10],[60,0,61,10]]}
["各项目零星物资集中采购清单（五金类）"]
[]
["序号","材料名称","型号","单位","数量","材料\n不含税单价","数量","材料\n不含税单价","不含税\n金额","不含税\n金额","备注"]
[1,"普通水嘴","DN15","个",7,8,{"$f":"E4*55","v":385},{"v":8,"d":"8.00"},{"v":56,"d":"56.00"},{"$f":"G4*H4","v":{"v":3080,"d":"3080.00"}}]
[2,"普通水嘴","DN20","个",6,10,{"$f":"E5*55","v":330},{"v":11,"d":"11.00"},{"v":66,"d":"66.00"},{"$f":"G5*H5","v":{"v":3630,"d":"3630.00"}}]
[3,"PPR管","φ20X2.0","m",14,4.2,770,{"v":4,"d":"4.00"},{"v":56,"d":"56.00"},{"v":3080,"d":"3080.00"}]
[4,"PPR管","φ25X2.3","m",11,5.5,605,{"v":6,"d":"6.00"},{"v":66,"d":"66.00"},{"v":3630,"d":"3630.00"}]
[5,"PPR管","φ25x2.8","m",9,6.8,495,{"v":7,"d":"7.00"},{"v":63,"d":"63.00"},{"v":3465,"d":"3465.00"}]
[6,"PPR管","φ32x2.9","m",5,11,275,{"v":12,"d":"12.00"},{"v":60,"d":"60.00"},{"v":3300,"d":"3300.00"}]
[7,"PPR管","φ32x3.6","m",4,13,220,{"v":14,"d":"14.00"},{"v":56,"d":"56.00"},{"v":3080,"d":"3080.00"}]
[8,"PPR管","φ40x3.7","m",4,16,220,{"v":17,"d":"17.00"},{"v":68,"d":"68.00"},{"v":3740,"d":"3740.00"}]
[9,"PPR管","φ50x4.6","m",2,25,110,{"v":26,"d":"26.00"},{"v":52,"d":"52.00"},{"v":2860,"d":"2860.00"}]
[10,"PPR管件 直接","φ20","个",116,0.5,6380,{"v":1,"d":"1.00"},{"v":116,"d":"116.00"},{"v":6380,"d":"6380.00"}]
[11,"PPR管件 直接","φ25","个",73,0.8,4015,{"v":1,"d":"1.00"},{"v":73,"d":"73.00"},{"v":4015,"d":"4015.00"}]
[12,"PPR管件 直接","φ32","个",58,1,3190,{"v":1,"d":"1.00"},{"v":58,"d":"58.00"},{"v":3190,"d":"3190.00"}]
[13,"PPR管件 直接","φ40","个",39,1.5,2145,{"v":2,"d":"2.00"},{"v":78,"d":"78.00"},{"v":4290,"d":"4290.00"}]
[14,"PPR管件 直接","φ50","个",29,2,1595,{"v":2,"d":"2.00"},{"v":58,"d":"58.00"},{"v":3190,"d":"3190.00"}]
[15,"PPR管件 弯头","φ20","个",58,1,3190,{"v":1,"d":"1.00"},{"v":58,"d":"58.00"},{"v":3190,"d":"3190.00"}]
[16,"PPR管件 弯头","φ25","个",39,1.5,2145,{"v":2,"d":"2.00"},{"v":78,"d":"78.00"},{"v":4290,"d":"4290.00"}]
[17,"PPR管件 弯头","φ32","个",29,2,1595,{"v":2,"d":"2.00"},{"v":58,"d":"58.00"},{"v":3190,"d":"3190.00"}]
[18,"PPR管件 弯头","φ40","个",23,2.5,1265,{"v":3,"d":"3.00"},{"v":69,"d":"69.00"},{"v":3795,"d":"3795.00"}]
[19,"PPR管件 弯头","φ50","个",19,3,1045,{"v":3,"d":"3.00"},{"v":57,"d":"57.00"},{"v":3135,"d":"3135.00"}]
[20,"PE管","φ32","m",10,5.8,550,{"v":6,"d":"6.00"},{"v":60,"d":"60.00"},{"v":3300,"d":"3300.00"}]
[21,"PE管","φ40","m",6,9.1,330,{"v":10,"d":"10.00"},{"v":60,"d":"60.00"},{"v":3300,"d":"3300.00"}]
[22,"PE管","φ50","m",5,12.5,275,{"v":13,"d":"13.00"},{"v":65,"d":"65.00"},{"v":3575,"d":"3575.00"}]
[23,"PE异径三通","φ50x25","个",29,2,1595,{"v":2,"d":"2.00"},{"v":58,"d":"58.00"},{"v":3190,"d":"3190.00"}]
[24,"PE异径三通","φ63X50","个",19,3,1045,{"v":3,"d":"3.00"},{"v":57,"d":"57.00"},{"v":3135,"d":"3135.00"}]
[25,"PVC管","φ110","根",1,58,55,{"v":61,"d":"61.00"},{"v":61,"d":"61.00"},{"v":3355,"d":"3355.00"}]
[26,"PE90°弯头","φ25","个",77,0.75,4235,{"v":1,"d":"1.00"},{"v":77,"d":"77.00"},{"v":4235,"d":"4235.00"}]
[27,"PE90°弯头","φ32","个",22,2.6,1210,{"v":3,"d":"3.00"},{"v":66,"d":"66.00"},{"v":3630,"d":"3630.00"}]
[28,"PE90°弯头","φ50","个",11,5,605,{"v":5,"d":"5.00"},{"v":55,"d":"55.00"},{"v":3025,"d":"3025.00"}]
[29,"PE90°弯头","φ63","个",5,12,275,{"v":13,"d":"13.00"},{"v":65,"d":"65.00"},{"v":3575,"d":"3575.00"}]
[30,"PE等径直接","φ50X25","个",165,0.35,9075,{"v":0.5,"d":"0.50"},{"v":83,"d":"83.00"},{"v":4537.5,"d":"4537.50"}]
[31,"PE等径直接","φ50X32","个",121,0.48,6655,{"v":0.6,"d":"0.60"},{"v":73,"d":"73.00"},{"v":3993,"d":"3993.00"}]
[32,"PE等径直接","φ63X25","个",21,2.68,1155,{"$f":"F35*1.305","v":{"v":3.4974,"d":"3.50"}},{"v":73,"d":"73.00"},{"v":4039.497,"d":"4039.50"}]
[33,"闸阀","DN20 铜","个",3,18,165,{"v":19,"d":"19.00"},{"v":57,"d":"57.00"},{"v":3135,"d":"3135.00"}]
[34,"球阀","DN20 铜","个",3,18,{"$f":"E37*55","v":165},{"v":19,"d":"19.00"},{"v":57,"d":"57.00"},{"$f":"G37*H37","v":{"v":3135,"d":"3135.00"}}]
[35,"球阀","DN25 铜","个",3,20,165,{"v":21,"d":"21.00"},{"v":63,"d":"63.00"},{"v":3465,"d":"3465.00"}]
[36,"球阀","DN32 铜","个",2,25,110,{"v":26,"d":"26.00"},{"v":52,"d":"52.00"},{"v":2860,"d":"2860.00"}]
[37,"球阀","DN50 铜","个",1,65,55,{"v":68,"d":"68.00"},{"v":68,"d":"68.00"},{"v":3740,"d":"3740.00"}]
[38,"闸阀","DN20 铸铁","个",19,3,1045,{"v":3,"d":"3.00"},{"v":57,"d":"57.00"},{"v":3135,"d":"3135.00"}]
[39,"球阀","DN20 铸铁","个",19,3,1045,{"v":3,"d":"3.00"},{"v":57,"d":"57.00"},{"v":3135,"d":"3135.00"}]
[40,"球阀","DN25 铸铁","个",16,3.5,880,{"v":4,"d":"4.00"},{"v":64,"d":"64.00"},{"v":3520,"d":"3520.00"}]
[41,"球阀","DN32 铸铁","个",13,4.5,715,{"v":5,"d":"5.00"},{"v":65,"d":"65.00"},{"v":3575,"d":"3575.00"}]
[42,"球阀","DN50 铸铁","个",4,13,220,{"v":14,"d":"14.00"},{"v":56,"d":"56.00"},{"v":3080,"d":"3080.00"}]
[43,"灯泡","40W ","个",11,5,605,{"v":5,"d":"5.00"},{"v":55,"d":"55.00"},{"v":3025,"d":"3025.00"}]
[44,"灯泡","60W","个",7,8,385,{"v":8,"d":"8.00"},{"v":56,"d":"56.00"},{"v":3080,"d":"3080.00"}]
[45,"灯泡",120,"个",4,15,220,{"v":16,"d":"16.00"},{"$f":"H48*E48","v":{"v":64,"d":"64.00"}},{"v":3520,"d":"3520.00"}]
[46,"单联单控暗开关","10A 250V","个",6,10,330,{"v":11,"d":"11.00"},{"v":66,"d":"66.00"},{"v":3630,"d":"3630.00"}]
[47,"单联双控暗开关","10A 250V","个",5,12,275,{"v":13,"d":"13.00"},{"v":65,"d":"65.00"},{"v":3575,"d":"3575.00"}]
[48,"铜芯塑料绝缘电线","BV-1.5m㎡","m",50,1.16,2750,{"v":1.5,"d":"1.50"},{"v":75,"d":"75.00"},{"v":4125,"d":"4125.00"}]
[49,"铜芯塑料绝缘电线","BV-2.5m㎡","m",35,1.68,1925,{"v":2,"d":"2.00"},{"v":70,"d":"70.00"},{"v":3850,"d":"3850.00"}]
[50,"铜芯塑料绝缘电线","BV-4m㎡","m",23,2.53,1265,{"v":3,"d":"3.00"},{"v":69,"d":"69.00"},{"v":3795,"d":"3795.00"}]
[51,"钢丝绳","φ13","米",12,4.72,660,{"v":5,"d":"5.00"},{"v":60,"d":"60.00"},{"v":3300,"d":"3300.00"}]
[52,"开口铜接线端子",null,"个",15,4,825,{"v":4,"d":"4.00"},{"v":60,"d":"60.00"},{"v":3300,"d":"3300.00"}]
[53,"铜铝蓖子DTL-16",null,"个",39,1.5,2145,{"v":2,"d":"2.00"},{"v":78,"d":"78.00"},{"v":4290,"d":"4290.00"}]
[54,"铜铝蓖子DTL-25",null,"个",29,2,1595,{"v":2,"d":"2.00"},{"v":58,"d":"58.00"},{"v":3190,"d":"3190.00"}]
[55,"铜铝蓖子DTL-50",null,"个",13,4.5,715,{"v":5,"d":"5.00"},{"v":65,"d":"65.00"},{"v":3575,"d":"3575.00"}]
[56,"止水钢板","2.75mm厚 30cm宽","米",2,28.4,110,{"v":30,"d":"30.00"},{"v":60,"d":"60.00"},{"v":3300,"d":"3300.00"}]
["合计",null,null,{"$f":"SUM(J4:J59)","v":{"v":197754.997,"d":"197755.00"}}]
["注明：1、综合单价包含材料费、上下车费、运输费等。\n2、付款方式：月结。\n3、质量要求：满足现场及设计要求。\n4、采购数量按项目实际需求结算。"]